| 000 | 01006nam a2200217Ia 4500 | ||
|---|---|---|---|
| 003 | OSt | ||
| 005 | 20210526100408.0 | ||
| 008 | 210310s2001 ck ad gr 000 0 spa d | ||
| 040 |
_aCO-JMCR _cCO-JMCR |
||
| 082 | 0 | 4 |
_a331.12042 / _bS278i _223 |
| 110 | 2 |
_aServicio Nacional de Aprendizaje Dirección General _937900 |
|
| 245 | 1 | 0 |
_aIndicadores de mercado laboral / _cServicio Nacional de Aprendizaje |
| 260 |
_aBogotá : _bSena, _c2001. |
||
| 300 |
_a115 páginas : _bilustraciones y gráficas en blanco y negro ; _c24 cm. |
||
| 501 | _aCon: notas a pie de página. | ||
| 505 | _aEl sistema de información para el empleo y su impacto en el mercado laboral colombiano. -- Mercados laborales regionales o locales. -- Análisis de los resultados del programa de mejoramiento de la formación profesional y capacitación de jóvenes bachilleres. | ||
| 650 | 1 | 4 |
_aMercado laboral _zColombia _96838 |
| 650 | 2 | 4 |
_aFormación profesional _99689 |
| 650 | 2 | 4 |
_aCapacitación de jóvenes _937901 |
| 942 |
_2ddc _cBK |
||
| 999 |
_c11817 _d11817 |
||